Most Guessed Flags - US States - Statistics

General Stats
  • This quiz has been taken 64 times
  • The average score is 7 of 8
Answer Stats
Picture Answer % Correct
California
100%
Texas
100%
Washington
96%
Colorado
89%
Alaska
87%
New Mexico
85%
Maryland
80%
South Carolina
78%
No matching quizzes found
Score Distribution
Percent of People with Each Score
Percentile by Number Answered
Your Score History
You have not taken this quiz